Statistics for Belgium Euro 2020 Squad

Click here to take the quiz!

General Stats

  • This quiz has been taken 103 times
  • The average score is 16 of 27

Answer Stats

PositionPlayerClub% Correct
FWEden HazardReal Madrid
96%
GKThibaut CourtoisReal Madrid
96%
MFThorgan HazardBorussia Dortmund
95%
FWRomelu LukakuInter Milan
90%
MFKevin De BruyneManchester City
89%
DFJan VertonghenBenfica
79%
FWDries MertensNapoli
78%
MFAxel WitselBorussia Dortmund
73%
MFYouri TielemansLeicester City
71%
DFToby AlderweireldTottenham Hotspur
69%
MFYannick CarrascoAtlético Madrid
64%
GKSimon MignoletClub Brugge
63%
FWLeandro TrossardBrighton
55%
FWJérémy DokuRennes
54%
CoachRoberto Martínez/
54%
FWChristian BentekeCrystal Palace
48%
MFTimothy CastagneLeicester City
47%
MFThomas MeunierBorussia Dortmund
46%
DFThomas VermaelenVissel Kobe
45%
FWMichy BatshuayiCrystal Palace
43%
MFHans VanakenClub Brugge
36%
GKMatz SelsStrasbourg
35%
DFDedryck BoyataHertha Berlin
34%
MFDennis PraetLeicester City
31%
MFNacer Chadliİstanbul Büyükşehir
31%
MFLeander DendonckerManchester City
24%
DFJason DenayerLeicester City
23%

Score Distribution

Percentile by Number Answered

Percent of People with Each Score

Your Score History

You have not taken this quiz